01622nam a2200265Ia 4500952010300000952010300103952010300206952010400309999001700413008004100430020001800471050001500489100004200504245008700546260003200633300002700665500013400692505019200826519010201018519010301120519005501223650003301278700003301311942001201344 00104070a04b04d2012-01-17l1oLC191 J55p04 003869r2016-10-24s2016-10-24t1w2012-06-24yLB 00104070a04b04d2012-01-17l1oLC191 J55p04 003870r2018-09-25s2014-05-26t2w2012-06-24yLB 00104070a04b04d2012-01-17l6oLC191 J55p04 003871r2016-03-14s2016-03-10t3w2012-06-24yLB 00104070a04b04d2012-01-17l12oLC191 J55p04 003872r2019-07-30s2019-07-30t4w2012-06-24yLB c63042d63042120625s1997 mx 000 0 spa d a978968240102214aLC191bJ551 aJíménez-Ottalengo, Reginaeautora10aSociología de la educaciónc/ Regina Jiménez Ottalengo y Lucina Moreno Valle3 aMéxicob: Trillasc, 1997 a179 páginasc; 23 cm aReimpresión: 2011 Incluye: Bibliografía (pp 169-170) Índice onomástico (pp. 171-172) Índice analítico (pp. 173-179) aLa educación en el pensamiento sociológico La educación como institución y como organización El entorno cognitivo cultural Entornos axiológicos, comunitarios y ecológicos aPlan Flexible /bPedagogía /cTeorías Sociológicas de la Educación I (B15) /d(04 003869) aPlan Flexible /bPedagogía /cTeorías Sociológicas De La Educación II (B16) /d(04 003870) aMaterial Complementario /d(04 003872) (04 003871)10aSOCIOLOGIA DE LA EDUCACIÓN aMoreno Valle, Lucinaeautora cLB2lcc